[Event "Madrid-chT Honor 2223"]
[Site "Madrid"]
[Date "2023.02.19"]
[Round "10.4"]
[White "Martinez Fernandez, Raul"]
[Black "Fernandez de Bobadilla, Gabriel"]
[Result "1-0"]
[WhiteElo "2245"]
[BlackElo "2162"]
[PlyCount "83"]
[EventDate "2022.11.20"]
[EventType "team-tourn"]
[EventRounds "14"]
[EventCountry "ESP"]
[SourceTitle "EXT 2024"]
[Source "ChessBase"]
[SourceDate "2023.10.10"]
[SourceVersion "1"]
[SourceVersionDate "2023.10.10"]
[SourceQuality "1"]
[WhiteTeam "San Sebastian de los Reyes"]
[BlackTeam "Virgen de Atocha"]
[WhiteTeamCountry "ESP"]
[BlackTeamCountry "ESP"]

1. e4 c5 2. Nf3 Nc6 3. Bb5 g6 4. Bxc6 bxc6 5. d4 cxd4 6. Qxd4 Nf6 7. e5 Nd5 8. 0-0 Bg7 9. Qh4 h6 10. c4 Nc7 11. Rd1 Ne6 12. Bd2 Bb7 13. Nc3 d5 14. exd6 exd6 15. Ne4 d5 16. Bb4 g5 17. Qg3 dxe4 18. Rxd8+ Rxd8 19. Nd2 c5 20. Ba5 Nf4 21. Re1 Rd3 22. Nxe4 0-0 23. f3 Bxe4 24. Rxe4 Rd4 25. Qe1 Nd3 26. Qe2 Rxe4 27. Qxe4 Bd4+ 28. Kf1 Nxb2 29. Qc2 Rb8 30. Bd2 Rd8 31. h4 gxh4 32. Bxh6 Bf6 33. Qf5 Rd6 34. Bf4 Re6 35. Qc2 Ra6 36. Qf5 Re6 37. Bc1 Na4 38. Bg5 Bd4 39. Bxh4 Nc3 40. Be1 Nd1 41. Bd2 Be3 42. Qd5 1-0

[Event "Santiago de Compostela Bicapawn GP B2"]
[Site "Santiago de Compostela"]
[Date "2022.10.20"]
[Round "2"]
[White "Dvirnyy, Danyyil"]
[Black "Fernandez de Bobadilla, Gabriel"]
[Result "0-1"]
[WhiteElo "2514"]
[BlackElo "2162"]
[PlyCount "169"]
[EventDate "2022.10.20"]
[EventType "swiss (blitz)"]
[EventRounds "9"]
[EventCountry "ESP"]
[SourceTitle "CBM 210 Extra"]
[Source "ChessBase"]
[SourceDate "2022.11.30"]
[SourceVersion "1"]
[SourceVersionDate "2022.11.30"]
[SourceQuality "1"]

1. e4 e6 2. d4 d5 3. Nd2 Nf6 4. e5 Nfd7 5. c3 c5 6. Bd3 Nc6 7. Ne2 cxd4 8. cxd4 f6 9. exf6 Nxf6 10. 0-0 Bd6 11. Nf3 Qc7 12. Nc3 a6 13. Bg5 0-0 14. Bh4 g6 15. Re1 Qg7 16. Bg3 Bxg3 17. hxg3 Ng4 18. Be2 Qh6 19. Qc1 Nxd4 20. Qxh6 Nxf3+ 21. Bxf3 Nxh6 22. Ne2 Bd7 23. Nf4 Kf7 24. Rad1 Rfe8 25. g4 Rac8 26. Rd2 Ng8 27. Nd3 Nf6 28. Ne5+ Ke7 29. g5 Ng8 30. g3 Kd6 31. Kg2 Ne7 32. Nf7+ Kc7 33. Rh1 Rh8 34. Nxh8 Rxh8 35. Rd3 Kd6 36. Rb3 Bc6 37. Rb4 e5 38. Rbh4 e4 39. Bg4 d4 40. Rd1 Ke5 41. Kf1 Nf5 42. Bxf5 gxf5 43. g6 h5 44. g7 Rg8 45. Rxh5 Rxg7 46. Ke2 Bb5+ 47. Kd2 e3+ 48. fxe3 dxe3+ 49. Kxe3 Rxg3+ 50. Kf2 Rg4 51. Re1+ Kf4 52. Rh3 Bc6 53. Rh2 Rg3 54. Rh4+ Rg4 55. Rxg4+ fxg4 56. Rg1 Bf3 57. a3 Ke4 58. Kg3 Kd4 59. Rc1 Be2 60. Kf2 Bf3 61. Rc3 Bd5 62. Kg3 Bf3 63. Kf4 Be2 64. Rc2 Bf3 65. Rc7 Bc6 66. Kxg4 Kc4 67. Re7 Kb3 68. Re2 Bb5 69. Rd2 Bc6 70. Kf4 Kc4 71. Ke3 Kc5 72. Kd3 Bb5+ 73. Kc3 Bc6 74. Rh2 a5 75. Rh5+ Kb6 76. Rg5 Ka6 77. Kd4 Kb6 78. Rh5 Ka6 79. Kc5 Bf3 80. Rh6+ Ka7 81. Rb6 a4 82. Rb4 Bd1 83. Kb5 Kb8 84. Kb6 Bf3 85. Rf4 0-1

[Event "ESP-ch rapid"]
[Site "Linares"]
[Date "2018.08.19"]
[Round "8"]
[White "Fernandez de Bobadilla, Gabriel"]
[Black "Fernandez Diaz, Ignacio"]
[Result "1-0"]
[WhiteElo "2175"]
[BlackElo "2071"]
[PlyCount "59"]
[EventDate "2018.08.19"]
[EventType "swiss (rapid)"]
[EventRounds "9"]
[EventCountry "ESP"]
[SourceTitle "CBM 186 Extra"]
[Source "ChessBase"]
[SourceDate "2018.08.24"]
[SourceVersion "1"]
[SourceVersionDate "2018.08.24"]
[SourceQuality "1"]

1. d4 f5 2. Bg5 c6 3. e3 Qb6 4. Nd2 d5 5. Rb1 Nd7 6. Bd3 e6 7. Qh5+ g6 8. Qe2 Ngf6 9. h4 h6 10. Bf4 Bg7 11. Ngf3 Ne4 12. c3 Qd8 13. Bxe4 fxe4 14. Ne5 Bxe5 15. Bxe5 Nxe5 16. dxe5 Qc7 17. Qg4 Qf7 18. f4 exf3 19. 0-0 Bd7 20. Rxf3 Qg7 21. Rf6 0-0-0 22. Rbf1 Rdf8 23. Qd4 Kb8 24. Qf4 Rd8 25. Rf7 Qg8 26. Nb3 g5 27. Qb4 Bc8 28. Na5 Ka8 29. Nxb7 Rh7 30. Nxd8 1-0

[Event "Andorra op 36th"]
[Site "Escaldes"]
[Date "2018.07.25"]
[Round "5"]
[White "Terao, Juliana Sayumi"]
[Black "Fernandez de Bobadilla, Gabriel"]
[Result "1/2-1/2"]
[WhiteElo "2308"]
[BlackElo "2175"]
[PlyCount "139"]
[EventDate "2018.07.21"]
[EventType "swiss"]
[EventRounds "9"]
[EventCountry "AND"]
[SourceTitle "CBM 185 Extra"]
[Source "ChessBase"]
[SourceDate "2018.07.29"]
[SourceVersion "1"]
[SourceVersionDate "2018.07.29"]
[SourceQuality "1"]

1. e4 c5 2. Nf3 d6 3. c3 Nf6 4. h3 g6 5. Bd3 Bg7 6. 0-0 0-0 7. Bc2 e5 8. d4 exd4 9. cxd4 Nc6 10. Be3 cxd4 11. Nxd4 Nb4 12. Nc3 Nxc2 13. Qxc2 a6 14. Rfd1 b5 15. Nc6 Qc7 16. Nd5 Nxd5 17. exd5 Bf5 18. Qd2 Rfe8 19. Bd4 f6 20. Rac1 Qf7 21. Be3 g5 22. Nd4 Qxd5 23. Nxf5 Qxf5 24. Qxd6 Bf8 25. Qb6 Reb8 26. Qd4 Rc8 27. g3 Rxc1 28. Rxc1 Be7 29. Rc7 Rd8 30. Qg4 Qxg4 31. hxg4 Kf8 32. Kg2 Ra8 33. Kf3 a5 34. a3 Ra6 35. Rb7 b4 36. axb4 Bxb4 37. Rxh7 Be7 38. Rh8+ Kf7 39. Rb8 a4 40. Rb7 Ke6 41. Ke4 a3 42. bxa3 Ra4+ 43. Kf3 Bxa3 44. Rb6+ Kf7 45. Rb3 Bd6 46. Rd3 Be5 47. Bc5 Ke6 48. Rb3 Rc4 49. Be3 Ra4 50. Rb6+ Kd5 51. Rb7 Ke6 52. Ra7 Rc4 53. Rg7 Rxg4 54. Kxg4 f5+ 55. Kxg5 Bxg7 56. Kg6 Bf6 57. Bh6 Bd4 58. f3 Bf2 59. g4 fxg4 60. fxg4 Bh4 61. Bg5 Be1 62. Kh7 Kf7 63. Bh6 Bh4 64. Bf4 Be7 65. Be3 Bd8 66. Bd2 Bf6 67. Bf4 Bd8 68. Be5 Bh4 69. Bf4 Bf6 70. Bg3 1/2-1/2

[Event "Benidorm op U2300 15th"]
[Site "Benidorm"]
[Date "2016.12.03"]
[Round "2"]
[White "Gromovs, Sergejs"]
[Black "Fernandez de Bobadilla, Gabriel"]
[Result "1-0"]
[WhiteElo "2119"]
[BlackElo "2241"]
[PlyCount "105"]
[EventDate "2016.12.02"]
[EventType "swiss"]
[EventRounds "10"]
[EventCountry "ESP"]
[SourceTitle "EXT 2019"]
[Source "ChessBase"]
[SourceDate "2018.10.10"]
[SourceVersion "1"]
[SourceVersionDate "2018.10.10"]
[SourceQuality "1"]

1. d4 Nf6 2. c4 e6 3. Nf3 b6 4. a3 Bb7 5. Nc3 d5 6. cxd5 Nxd5 7. Qc2 Nxc3 8. bxc3 Nd7 9. e4 c5 10. Bd3 Qc7 11. 0-0 cxd4 12. Nxd4 Be7 13. f4 a6 14. Be2 Rc8 15. Bd2 Bc5 16. Qd3 e5 17. fxe5 Nxe5 18. Qg3 Ng6 19. Qh3 0-0 20. Kh1 Rce8 21. Nf5 Bc8 22. Bd3 Bd6 23. Bc2 Be6 24. a4 Be5 25. Rad1 Rd8 26. Rf3 Rd7 27. Qh5 Rfd8 28. Rh3 Nf8 29. Qe2 g6 30. g4 Kh8 31. Ne3 Qc5 32. Be1 Rxd1 33. Nxd1 Kg8 34. Nf2 Qc8 35. Rd3 Nd7 36. Qd1 Bf6 37. Qf3 Kg7 38. Bd2 Be5 39. Qe3 Bc4 40. Qh6+ Kg8 41. Rh3 Nf8 42. Be3 Qc6 43. Qg5 Bf6 44. Qf4 b5 45. axb5 axb5 46. g5 Bxc3 47. Ng4 Bg7 48. Nf6+ Bxf6 49. gxf6 Rd6 50. Qe5 Re6 51. Qb8 Re8 52. Qf4 Ne6 53. Qg4 1-0

[Event "Madrid Neoclassical op 2nd"]
[Site "Madrid"]
[Date "2016.06.04"]
[Round "2"]
[White "Fernandez de Bobadilla, Gabriel"]
[Black "Anton Guijarro, David"]
[Result "0-1"]
[WhiteElo "2251"]
[BlackElo "2627"]
[PlyCount "98"]
[EventDate "2016.06.04"]
[EventType "swiss (rapid)"]
[EventRounds "8"]
[EventCountry "ESP"]
[SourceTitle "CBM 172 Extra"]
[Source "ChessBase"]
[SourceDate "2016.06.21"]
[SourceVersion "1"]
[SourceVersionDate "2016.06.21"]
[SourceQuality "1"]

1. e4 c5 2. c3 d5 3. exd5 Qxd5 4. d4 Nf6 5. Nf3 Bg4 6. Be2 e6 7. 0-0 Nc6 8. Be3 cxd4 9. Nxd4 Bxe2 10. Qxe2 Be7 11. Nd2 0-0 12. Nxc6 Qxc6 13. Nf3 a6 14. Bg5 Rfd8 15. Rfd1 h6 16. Bh4 Kf8 17. Ne5 Qe4 18. Qxe4 Nxe4 19. Bxe7+ Kxe7 20. Kf1 f6 21. Nd3 Rac8 22. Ke2 Rd5 23. f3 Nd6 24. Rac1 g5 25. b3 b5 26. Nb4 Re5+ 27. Kd2 a5 28. Nd3 Rd5 29. Ke2 e5 30. Nf2 Rxd1 31. Nxd1 Ke6 32. Rc2 f5 33. Rd2 e4 34. fxe4 Nxe4 35. Rd3 Ke5 36. Ke3 f4+ 37. Kf3 h5 38. h3 Rc7 39. Ke2 g4 40. hxg4 hxg4 41. Rd8 Nxc3+ 42. Nxc3 Rxc3 43. Re8+ Kf5 44. Rf8+ Kg5 45. Rg8+ Kh4 46. Kd2 Rc5 47. Kd3 Kg3 48. Kd4 Rc2 49. a3 Rxg2 0-1

[Event "San Sebastian op 39th"]
[Site "San Sebastian"]
[Date "2016.03.21"]
[Round "4"]
[White "Fernandez de Bobadilla, Gabriel"]
[Black "Juez Villar, Erik"]
[Result "1-0"]
[WhiteElo "2256"]
[BlackElo "2001"]
[PlyCount "51"]
[EventDate "2016.03.19"]
[EventType "swiss"]
[EventRounds "9"]
[EventCountry "ESP"]
[SourceTitle "CBM 171 Extra"]
[Source "ChessBase"]
[SourceDate "2016.04.26"]
[SourceVersion "1"]
[SourceVersionDate "2016.04.26"]
[SourceQuality "1"]

1. d4 Nf6 2. c4 e6 3. Nf3 b6 4. a3 Ba6 5. e3 c5 6. dxc5 bxc5 7. Be2 Be7 8. 0-0 0-0 9. b3 Nc6 10. Bb2 Qb6 11. Nbd2 Rfd8 12. e4 d5 13. cxd5 exd5 14. Bxa6 dxe4 15. Be2 exf3 16. Bxf3 Rac8 17. Qe2 Nd4 18. Qxe7 Rd7 19. Qe5 Re8 20. Qg3 Ne4 21. Nxe4 Rxe4 22. Kh1 Re8 23. Rad1 Qxb3 24. Bc6 Qxd1 25. Rxd1 Nf5 26. Bxd7 1-0

[Event "Madrid Oliver Gonzalez Memorial 4th"]
[Site "Madrid"]
[Date "2015.10.13"]
[Round "4"]
[White "Fernandez de Bobadilla, Jaime"]
[Black "Fernandez de Bobadilla, Gabriel"]
[Result "1/2-1/2"]
[WhiteElo "2058"]
[BlackElo "2233"]
[PlyCount "61"]
[EventDate "2015.10.10"]
[EventType "swiss"]
[EventRounds "9"]
[EventCountry "ESP"]
[SourceTitle "CBM 168 Extra"]
[Source "ChessBase"]
[SourceDate "2015.10.29"]
[SourceVersion "1"]
[SourceVersionDate "2015.10.29"]
[SourceQuality "1"]

1. d4 e6 2. e4 d5 3. Nd2 Be7 4. e5 c5 5. c3 Nh6 6. Bd3 Nc6 7. Ne2 cxd4 8. cxd4 Qb6 9. Nf3 Nf5 10. 0-0 Bd7 11. Be3 Nxe3 12. fxe3 f6 13. exf6 Bxf6 14. Qd2 0-0-0 15. b4 Kb8 16. a4 Qxb4 17. Qa2 Qd6 18. Qd2 Ka8 19. Rfb1 e5 20. Bb5 exd4 21. Bxc6 Bxc6 22. Nexd4 Rc8 23. Ra2 Rhd8 24. Qa5 Qb8 25. Nb5 Bxb5 26. axb5 b6 27. Qd2 Rc7 28. Nd4 Bxd4 29. Qxd4 Rdd7 30. Rf1 Rc8 31. Rfa1 1/2-1/2

[Event "Madrid Oliver Gonzalez Memorial 4th"]
[Site "Madrid"]
[Date "2015.10.12"]
[Round "3"]
[White "Fernandez de Bobadilla, Gabriel"]
[Black "Petrov, Marian"]
[Result "0-1"]
[WhiteElo "2233"]
[BlackElo "2462"]
[PlyCount "56"]
[EventDate "2015.10.10"]
[EventType "swiss"]
[EventRounds "9"]
[EventCountry "ESP"]
[SourceTitle "CBM 168 Extra"]
[Source "ChessBase"]
[SourceDate "2015.10.29"]
[SourceVersion "1"]
[SourceVersionDate "2015.10.29"]
[SourceQuality "1"]

1. d4 g6 2. c4 Bg7 3. e4 c5 4. d5 d6 5. Bd3 Nf6 6. Nf3 0-0 7. 0-0 e5 8. dxe6 Bxe6 9. h3 Nfd7 10. Nc3 Nc6 11. Bf4 Nde5 12. Nxe5 dxe5 13. Be3 a6 14. Nd5 f5 15. f4 exf4 16. Nxf4 Qe8 17. Qe2 Rd8 18. Rae1 Bc8 19. exf5 Bxf5 20. Bxf5 Rxf5 21. Nd5 Nd4 22. Qd2 Rxf1+ 23. Rxf1 Qe4 24. b3 Re8 25. Kh1 Nf5 26. Bf4 Qe2 27. Rf2 Qe1+ 28. Kh2 Bd4 0-1

[Event "Jaen op 2nd"]
[Site "Jaen"]
[Date "2014.06.28"]
[Round "2"]
[White "Lalic, Bogdan"]
[Black "Fernandez de Bobadilla, Gabriel"]
[Result "1-0"]
[WhiteElo "2480"]
[BlackElo "2189"]
[PlyCount "35"]
[EventDate "2014.06.27"]
[EventType "swiss"]
[EventRounds "9"]
[EventCountry "ESP"]
[SourceTitle "CBM 161 Extra"]
[Source "ChessBase"]
[SourceDate "2014.08.29"]
[SourceVersion "1"]
[SourceVersionDate "2014.08.29"]
[SourceQuality "1"]

1. c4 e6 2. Nc3 Nf6 3. e4 c5 4. e5 Ng8 5. d4 Nc6 6. Nf3 cxd4 7. Nxd4 Nxe5 8. Ndb5 a6 9. Nd6+ Bxd6 10. Qxd6 f6 11. Be3 Ne7 12. Bb6 Nf5 13. Bxd8 Nxd6 14. Bc7 Ke7 15. c5 Ne8 16. Bb6 d5 17. cxd6+ Nxd6 18. Rc1 1-0